000
00277nam a2200109Ia 4500
008
230320s9999||||xx |||||||||||||| ||spa||
082
_a
842.9/S31
100
_a
Schehade, Georges ; Adamov, Arthur
245
0
_a
Teatro Frances De Vanguardia
260
_b
AGUILAR
942
_8
0
_c
LIB
999
_c
30140
_d
30140